[Event "Catarinense-ch 59th"]
[Site "Joinville"]
[Date "2013.09.21"]
[Round "5"]
[White "De Souza, Rodrigo Vilas Boas"]
[Black "De Mello, Amanda Carolina"]
[Result "1-0"]
[WhiteElo "1807"]
[BlackElo "1877"]
[PlyCount "83"]
[EventDate "2013.09.19"]
[EventType "swiss"]
[EventRounds "7"]
[EventCountry "BRA"]
[SourceTitle "CBM 156 Extra"]
[Source "ChessBase"]
[SourceDate "2013.10.22"]
[SourceVersion "1"]
[SourceVersionDate "2013.10.22"]
[SourceQuality "1"]

1. e4 c6 2. d4 d5 3. Nc3 dxe4 4. Nxe4 Bf5 5. Ng3 Bg6 6. N1e2 h6 7. Nf4 Bh7 8. Bc4 Nf6 9. 0-0 Nbd7 10. Re1 Nb6 11. Bb3 Nbd5 12. Ngh5 Qd7 13. Qf3 0-0-0 14. h3 Nxh5 15. Nxh5 Qf5 16. Qe2 Bg6 17. Ng3 Qd7 18. c4 Nb4 19. Be3 e6 20. a3 Na6 21. Red1 Bd6 22. Ba4 Qe7 23. Qf3 Kb8 24. b4 e5 25. b5 e4 26. Qe2 cxb5 27. Bxb5 Nc7 28. c5 Bxg3 29. fxg3 Nd5 30. Qd2 Qc7 31. Bc4 Nxe3 32. Qxe3 Rc8 33. Rdb1 Qc6 34. Rb5 Rhd8 35. Rab1 Rc7 36. d5 Qf6 37. d6 Rcd7 38. c6 Qxd6 39. cxd7 Rxd7 40. Bd5 Qe7 41. Rxb7+ Kc8 42. Rc1+ 1-0